000 00643nam a2200193 4500
999 _c171427
_d171427
005 20200113153421.0
010 _aENG-127363
020 _a9789388691284
_c495.00
035 _aEN-110895
037 _bDBAD/PUB
082 _a270
100 _aWasey,Akhtarul
245 _aThe crescent in clouds :
_cby Akhtarul wasey
_bThe most common questions about islam and muslims/
260 _a Delhi
_bShipra Publications
_c2019
270 _aLG 18-19,Pankaj central Market IP Ext.,Patpargani
_b Delhi
_e110092
_minfo@shiprapublication.com
300 _a162p.
_c23cm(pbk)
500 _ainclude index
942 _2ddc
_cEN
_h270
_mWAS